000 00645nam a2200217 i 4500
001 128504
003 ES-MaACL
005 20230906193313.0
007 t|
008 070516s1968 sp ||||1| spa d
080 _a8.09(04)
100 1 _aTacca, Oscar Ernesto.
_9109046
245 1 3 _aLa historia literaria /
_cOscar Tacca.
260 _aMadrid :
_bGredos,
_c[1968]
300 _a204 p. ;
_c20 cm.
490 1 _aBiblioteca románica hispánica ;
_v120
650 _aLiteratura-
_xHistoria y crítica.
_914489
830 0 _aBiblioteca románica hispánica ;
_v120
_9180746
852 _aES-MaACL
_jC-35041
_bR.68152
999 _c128504
_d128504